De la vanguardia a la metrópoli : (Record no. 128418)

MARC details
000 -LEADER
campo de control de longitud fija 01083nam a2200277 i 4500
001 - NÚMERO DE CONTROL
campo de control 128418
003 - IDENTIFICADOR DE NÚMERO DE CONTROL
campo de control ES-MaACL
005 - FECHA Y HORA DE LA ÚLTIMA TRANSACCIÓN
campo de control 20230906193255.0
007 - CAMPO FIJO DE DESCRIPCIÓN FÍSICA--INFORMACIÓN GENERAL
campo de control de longitud fija t|
008 - DATOS DE LONGITUD FIJA--INFORMACIÓN GENERAL
campo de control de longitud fija 070510s1972 sp a |||| | spa d
080 ## - NÚMERO DE LA CLASIFICACIÓN DECIMAL UNIVERSAL
Número de la Clasificación Decimal Universal 72.034/.036
100 1# - ENTRADA PRINCIPAL--NOMBRE DE PERSONA
Nombre de persona Tafuri, Manfredo.
9 (RLIN) 109061
245 10 - MENCIÓN DEL TÍTULO
Título De la vanguardia a la metrópoli :
Resto del título crítica radical a la arquitectura /
Mención de responsabilidad, etc. Manfredo Tafuri, Massimo Cacciari, Francesco Dal Co ; [traducción, Seminario de Urbanística II de la ETS de Arquitectura de Barcelona].
260 ## - PUBLICACIÓN, DISTRIBUCIÓN, ETC.
Lugar de publicación, distribución, etc. Barcelona :
Nombre del editor, distribuidor, etc. Gustavo Gili,
Fecha de publicación, distribución, etc. [1972]
300 ## - DESCRIPCIÓN FÍSICA
Extensión 205 p. :
Otras características físicas il. ;
Dimensiones 21 cm.
490 1# - MENCIÓN DE SERIE
Mención de serie Arquitectura y crítica
650 ## - PUNTO DE ACCESO ADICIONAL DE MATERIA--TÉRMINO DE MATERIA
Término de materia o nombre geográfico como elemento de entrada Arquitectura y sociedad.
9 (RLIN) 173949
650 #4 - PUNTO DE ACCESO ADICIONAL DE MATERIA--TÉRMINO DE MATERIA
Término de materia o nombre geográfico como elemento de entrada Arquitectura-
Subdivisión cronológica S.XX.
9 (RLIN) 10007
650 #4 - PUNTO DE ACCESO ADICIONAL DE MATERIA--TÉRMINO DE MATERIA
Término de materia o nombre geográfico como elemento de entrada Vanguardias (Arte)
9 (RLIN) 173948
700 1# - ENTRADA AGREGADA--NOMBRE PERSONAL
Nombre de persona Cacciari, Massimo.
9 (RLIN) 33336
700 1# - ENTRADA AGREGADA--NOMBRE PERSONAL
Nombre de persona Dal Co, Francesco.
9 (RLIN) 42467
710 2# - ENTRADA AGREGADA--NOMBRE DE ENTIDAD CORPORATIVA
Nombre de entidad corporativa o nombre de jurisdicción como elemento de entrada Universitat Politècnica de Catalunya.
Unidad subordinada Escuela Técnica Superior de Arquitectura de Barcelona.
9 (RLIN) 173916
830 1# - PUNTO DE ACCESO ADICIONAL DE SERIE-TÍTULO UNIFORME
Título uniforme Arquitectura y crítica
9 (RLIN) 186742
852 4# - LOCALIZACIÓN
Ubicación ES-MaACL
Número de control de estantería C-49349
Holdings
Estatus retirado Estado de pérdida Estado de daño No para préstamo Biblioteca de origen Biblioteca actual Ubicación en estantería Fecha de adquisición Fuente de adquisición Total de préstamos Signatura topográfica completa Código de barras Visto por última vez Precio de reemplazo Tipo de ítem Koha
        Biblioteca del Ateneo de Madrid Biblioteca del Ateneo de Madrid Depósito 2 17/01/2008     C-49349 1133747 23/02/2023 23/02/2023 Libro impreso